000 00645nam a2200229Ia 4500
003 OSt
005 20220928113552.0
006 a|||||r|||| 00| 0
007 ta
008 220927b |||||||| |||| 00| 0 hin d
024 _a28229
037 _cReference Collections
040 _aSDCL
_cSDCL
_bhin
041 _2hin
_ahin
082 _aO152,3k, L5 RR
100 _aGupt Surya Kant Co.
_9433856
245 0 _aHindi upannyas-kosh.
260 _aNew Delhi
_bSurya Prakashan
_c1975
300 _aVII,199p.
_ccm.
942 _hO152,3k, L5 RR
_cREF
_2CC
999 _c750268
_d750268